000 00337nam a2200109Ia 4500
008 230907s9999||||xx |||||||||||||| ||und||
082 _a629.2293,WIL
100 _aWilliamson, Sheldon S.,
_9115116
245 0 _aEnergy management strategies for electric and plug-in hybrid electric vehicles /
300 _axvii, 253 pages :
942 _cBK
999 _c597616
_d597616